000
00236nam a2200097Ia 4500
001
781151
005
20250826170138.0
008
250824s9999 xx 000 0 und d
245
0
_a
KIRILMA NOKTASI
_c
BARRY BISLER
260
_b
MARTI YAYINLARI
999
_c
781151
_d
781151